[Event "Titled Tuesday intern op 21st Dec"]
[Site "Chess.com INT"]
[Date "2021.12.21"]
[Round "1"]
[White "Tsvetkov, Andrey1"]
[Black "Jain, Naveen"]
[Result "1-0"]
[WhiteElo "2384"]
[BlackElo "2032"]
[PlyCount "123"]
[EventDate "2021.12.21"]
[EventType "swiss (blitz)"]
[EventRounds "11"]
[EventCountry "USA"]
[SourceTitle "CBM 205 Extra"]
[Source "ChessBase"]
[SourceDate "2022.01.31"]
[SourceVersion "1"]
[SourceVersionDate "2022.01.31"]
[SourceQuality "1"]

1. d4 Nf6 2. c4 c5 3. d5 b5 4. cxb5 a6 5. bxa6 g6 6. Nc3 Bg7 7. e4 Qa5 8. Bd2 O-O 9. Nb5 Qb6 10. a7 Na6 11. Qa4 d6 12. f3 Bd7 13. Qa5 Qxa5 14. Bxa5 Bxb5 15. Bxb5 Rxa7 16. a4 Nb4 17. Bxb4 cxb4 18. Ne2 Nd7 19. Rb1 b3 20. Bxd7 Rxd7 21. Kd2 Ra7 22. Nc3 Rc8 23. Rhc1 Bh6+ 24. Kd1 Bxc1 25. Rxc1 Rc4 26. Kd2 Rd4+ 27. Ke3 Rc4 28. Kd2 Rc8 29. Ra1 h5 30. Ra3 Rb8 31. Nb5 Ra5 32. Nc3 Rb4 33. Kd3 h4 34. h3 Kg7 35. Ra1 Kf6 36. f4 g5 37. fxg5+ Kxg5 38. Rf1 f6 39. Rf5+ Kg6 40. Rf4 Rbxa4 41. Nxa4 Rxa4 42. Rxh4 Ra1 43. Kc3 Rg1 44. Rg4+ Kf7 45. Kxb3 Re1 46. Kc3 Rc1+ 47. Kb4 Rb1 48. b3 Ke8 49. Kc4 Kd7 50. b4 Rc1+ 51. Kb5 Rb1 52. Ka5 Ra1+ 53. Kb6 Rb1 54. b5 Rb4 55. Ka6 Ra4+ 56. Kb7 Rb4 57. b6 Ra4 58. h4 Rb4 59. h5 Rb1 60. Rh4 Rg1 61. h6 Rxg2 62. h7 1-0

[Event "Titled Tuesday intern op 21st Dec"]
[Site "Chess.com INT"]
[Date "2021.12.21"]
[Round "1"]
[White "Turner, Max N"]
[Black "Kopacz, Grzegorz"]
[Result "1-0"]
[WhiteElo "2223"]
[BlackElo "2098"]
[PlyCount "53"]
[EventDate "2021.12.21"]
[EventType "swiss (blitz)"]
[EventRounds "11"]
[EventCountry "USA"]
[SourceTitle "CBM 205 Extra"]
[Source "ChessBase"]
[SourceDate "2022.01.31"]
[SourceVersion "1"]
[SourceVersionDate "2022.01.31"]
[SourceQuality "1"]

1. e4 c5 2. Nf3 g6 3. d4 cxd4 4. Nxd4 Bg7 5. c4 Nc6 6. Be3 Nf6 7. Nc3 Ng4 8. Nxc6 dxc6 9. Qxd8+ Kxd8 10. Bd2 Bd4 11. Nd1 e5 12. f3 Nf6 13. Be3 Bxe3 14. Nxe3 h6 15. O-O-O+ Ke7 16. c5 Be6 17. Bc4 Rhd8 18. Bxe6 Kxe6 19. Nc4 Ne8 20. b4 Rd4 21. Rxd4 exd4 22. Rd1 Rd8 23. Rd3 f5 24. Kd2 fxe4 25. fxe4 Nf6 26. Nd6 Ke5 27. Nf7+ 1-0

[Event "Titled Tuesday intern op 21st Dec"]
[Site "Chess.com INT"]
[Date "2021.12.21"]
[Round "1"]
[White "Valgmae, Toomas"]
[Black "Gareyev, Timur"]
[Result "0-1"]
[WhiteElo "2270"]
[BlackElo "2573"]
[PlyCount "68"]
[EventDate "2021.12.21"]
[EventType "swiss (blitz)"]
[EventRounds "11"]
[EventCountry "USA"]
[SourceTitle "CBM 205 Extra"]
[Source "ChessBase"]
[SourceDate "2022.01.31"]
[SourceVersion "1"]
[SourceVersionDate "2022.01.31"]
[SourceQuality "1"]

1. d4 d6 2. e4 Nf6 3. Nc3 g6 4. Nf3 Bg7 5. Be2 Nc6 6. O-O O-O 7. h3 e5 8. Be3 exd4 9. Nxd4 Re8 10. Bf3 Bd7 11. Re1 a6 12. Qd2 Rb8 13. Rad1 Ne5 14. Be2 b5 15. a3 c5 16. Nf3 b4 17. axb4 cxb4 18. Nd5 Nxe4 19. Qc1 a5 20. b3 Bc6 21. Nxe5 Bxe5 22. Bf3 Bxd5 23. Rxd5 Nc3 24. Rd3 d5 25. Qd2 Rb5 26. Bg5 Qd6 27. Bf4 Re6 28. Be3 h5 29. g4 hxg4 30. hxg4 d4 31. Bg5 Bh2+ 32. Kg2 Rxe1 33. Qxe1 Rxg5 34. Qe8+ Kg7 0-1

[Event "Titled Tuesday intern op 21st Dec"]
[Site "Chess.com INT"]
[Date "2021.12.21"]
[Round "1"]
[White "Vargas, Gabriela"]
[Black "Gledura, Benjamin"]
[Result "0-1"]
[WhiteElo "2152"]
[BlackElo "2652"]
[PlyCount "98"]
[EventDate "2021.12.21"]
[EventType "swiss (blitz)"]
[EventRounds "11"]
[EventCountry "USA"]
[SourceTitle "CBM 205 Extra"]
[Source "ChessBase"]
[SourceDate "2022.01.31"]
[SourceVersion "1"]
[SourceVersionDate "2022.01.31"]
[SourceQuality "1"]

1. d4 Nf6 2. Nf3 d6 3. Bg5 Nbd7 4. Nbd2 h6 5. Bh4 g5 6. Bg3 Nh5 7. e4 e6 8. c3 Bg7 9. Bd3 Qe7 10. O-O b6 11. Re1 Nxg3 12. hxg3 Bb7 13. a4 a6 14. Qe2 g4 15. Nh2 h5 16. Nc4 Nf8 17. b4 Ng6 18. Ne3 Qg5 19. a5 b5 20. Rac1 O-O 21. c4 bxc4 22. Rxc4 c6 23. Rec1 d5 24. exd5 exd5 25. Rxc6 Bxc6 26. Rxc6 Bxd4 27. Rxa6 Bxe3 28. Qxe3 Qxe3 29. fxe3 Ne5 30. Rxa8 Rxa8 31. Be2 Nc6 32. b5 Nxa5 33. Nf1 Nc4 34. e4 Re8 35. Bd3 Ne5 36. Be2 d4 37. Nd2 d3 38. Bd1 Rb8 39. Ba4 Ra8 40. Bb3 Ra5 41. Kf2 Rxb5 42. Ke3 Kg7 43. Bd5 Rb2 44. Ba8 Kf6 45. Bd5 Ke7 46. Ba8 Kd6 47. Bd5 Kc5 48. Ba8 Kb4 49. Bd5 Kc3 0-1

[Event "Titled Tuesday intern op 21st Dec"]
[Site "Chess.com INT"]
[Date "2021.12.21"]
[Round "1"]
[White "Vasli, Aref"]
[Black "Kejzar, Petra"]
[Result "1-0"]
[WhiteElo "2379"]
[BlackElo "2072"]
[PlyCount "69"]
[EventDate "2021.12.21"]
[EventType "swiss (blitz)"]
[EventRounds "11"]
[EventCountry "USA"]
[SourceTitle "CBM 205 Extra"]
[Source "ChessBase"]
[SourceDate "2022.01.31"]
[SourceVersion "1"]
[SourceVersionDate "2022.01.31"]
[SourceQuality "1"]

1. e4 c5 2. Nf3 e6 3. d4 cxd4 4. Nxd4 Nf6 5. Nc3 d6 6. g3 Be7 7. Bg2 O-O 8. O-O a6 9. Be3 Qc7 10. a4 Nc6 11. Nxc6 bxc6 12. f4 d5 13. Kh1 Bb7 14. a5 Rfd8 15. Bb6 Qd7 16. Bxd8 Bxd8 17. e5 Ne8 18. Na4 Qe7 19. Nb6 Bxb6 20. axb6 Qb4 21. c3 Qxb6 22. b4 Nc7 23. Qd4 c5 24. Qxc5 Qxc5 25. bxc5 Nb5 26. Rfb1 Bc6 27. c4 Nc3 28. Rb6 Be8 29. Ra3 Ne2 30. Rbxa6 Rc8 31. Ra8 Rxa8 32. Rxa8 Kf8 33. cxd5 exd5 34. Bxd5 Nc3 35. Bc6 1-0

[Event "Titled Tuesday intern op 21st Dec"]
[Site "Chess.com INT"]
[Date "2021.12.21"]
[Round "1"]
[White "Vivas Zamora, Fabian Ernesto"]
[Black "Tahbaz, Arash"]
[Result "1-0"]
[WhiteElo "2344"]
[BlackElo "2468"]
[PlyCount "113"]
[EventDate "2021.12.21"]
[EventType "swiss (blitz)"]
[EventRounds "11"]
[EventCountry "USA"]
[SourceTitle "CBM 205 Extra"]
[Source "ChessBase"]
[SourceDate "2022.01.31"]
[SourceVersion "1"]
[SourceVersionDate "2022.01.31"]
[SourceQuality "1"]

1. c4 c5 2. Nf3 g6 3. d4 cxd4 4. Nxd4 Nc6 5. Nc2 Nf6 6. Nc3 Bg7 7. e4 d6 8. Be2 Be6 9. O-O O-O 10. Be3 a6 11. Qd2 Rc8 12. b3 Qa5 13. Rac1 b5 14. cxb5 axb5 15. Nxb5 Qxd2 16. Bxd2 Nxe4 17. Be3 Nc3 18. Nxc3 Bxc3 19. Rfd1 d5 20. Bb5 Bf5 21. Bxc6 Rxc6 22. Nd4 Rcc8 23. Nxf5 gxf5 24. Rxd5 e6 25. Rdd1 Bb4 26. Bh6 Rfe8 27. g3 Ra8 28. Rd4 Bf8 29. Bxf8 Kxf8 30. a4 Reb8 31. Rc3 Rb7 32. Rdc4 Kg7 33. Rc7 Rb4 34. R7c4 Rb7 35. Rc7 Rb4 36. Re3 Ra6 37. Kf1 Rd6 38. Ke2 Rbd4 39. Ra7 Rd2+ 40. Kf3 Rb2 41. Kg2 Rb6 42. a5 R6xb3 43. Rxe6 Ra2 44. Re5 Kf6 45. Rc5 Rbb2 46. Ra6+ Kg5 47. h4+ Kg4 48. Rc4+ Kh5 49. Rf4 Rb5 50. Rf6 Raxa5 51. Rxf7 Kg6 52. Rf8 Rd5 53. Kh3 Rdc5 54. f3 Ra1 55. h5+ Kg5 56. Rg8+ Kxh5 57. Rh4# 1-0

[Event "Titled Tuesday intern op 21st Dec"]
[Site "Chess.com INT"]
[Date "2021.12.21"]
[Round "1"]
[White "Vypkhaniuk, Igor"]
[Black "Eynullayev, Altay Elshan"]
[Result "0-1"]
[WhiteElo "2426"]
[BlackElo "2223"]
[PlyCount "68"]
[EventDate "2021.12.21"]
[EventType "swiss (blitz)"]
[EventRounds "11"]
[EventCountry "USA"]
[SourceTitle "CBM 205 Extra"]
[Source "ChessBase"]
[SourceDate "2022.01.31"]
[SourceVersion "1"]
[SourceVersionDate "2022.01.31"]
[SourceQuality "1"]

1. d4 Nf6 2. Nf3 e6 3. c4 b6 4. g3 Ba6 5. Qa4 Bb7 6. Bg2 c5 7. dxc5 bxc5 8. O-O Be7 9. Rd1 O-O 10. Nc3 d6 11. Bf4 Qb6 12. Rab1 d5 13. cxd5 exd5 14. Ne5 Rd8 15. Qb5 Nbd7 16. Nxd7 Rxd7 17. Qxb6 axb6 18. Bh3 Rdd8 19. Bc7 Re8 20. Bxb6 d4 21. Nb5 Rxa2 22. Na3 Bf8 23. Bf1 Be4 24. Rbc1 Nd7 25. Bc7 Rxb2 26. Nc4 Rb7 27. Bf4 h6 28. h4 Rb4 29. e3 Bf3 30. Rd2 dxe3 31. Rxd7 e2 32. Be3 Rxc4 33. Bxe2 Rxc1+ 34. Bxc1 Rxe2 0-1

[Event "Titled Tuesday intern op 21st Dec"]
[Site "Chess.com INT"]
[Date "2021.12.21"]
[Round "1"]
[White "Wagh, Suyog"]
[Black "Umarov, Sabir"]
[Result "1-0"]
[WhiteElo "2210"]
[BlackElo "2364"]
[PlyCount "55"]
[EventDate "2021.12.21"]
[EventType "swiss (blitz)"]
[EventRounds "11"]
[EventCountry "USA"]
[SourceTitle "CBM 205 Extra"]
[Source "ChessBase"]
[SourceDate "2022.01.31"]
[SourceVersion "1"]
[SourceVersionDate "2022.01.31"]
[SourceQuality "1"]

1. d4 g6 2. e4 Bg7 3. Nf3 c6 4. c4 d6 5. Nc3 Bg4 6. Be2 Qb6 7. d5 Bxc3+ 8. bxc3 Nf6 9. Qc2 Nbd7 10. Rb1 Qc7 11. O-O Nc5 12. h3 Bxf3 13. Bxf3 O-O 14. Be3 Nfd7 15. Be2 Rfc8 16. f4 cxd5 17. cxd5 Nf6 18. Bf3 Qa5 19. e5 Nfd7 20. e6 Nf6 21. f5 Na4 22. Bd4 Nxc3 23. Qd2 fxe6 24. dxe6 Rc4 25. fxg6 hxg6 26. Bxf6 exf6 27. Rxb7 Qc5+ 28. Kh1 1-0

[Event "Titled Tuesday intern op 21st Dec"]
[Site "Chess.com INT"]
[Date "2021.12.21"]
[Round "1"]
[White "Ward, Ieuan C"]
[Black "Pinheiro, Iung Alicio"]
[Result "0-1"]
[WhiteElo "2028"]
[BlackElo "2320"]
[PlyCount "44"]
[EventDate "2021.12.21"]
[EventType "swiss (blitz)"]
[EventRounds "11"]
[EventCountry "USA"]
[SourceTitle "CBM 205 Extra"]
[Source "ChessBase"]
[SourceDate "2022.01.31"]
[SourceVersion "1"]
[SourceVersionDate "2022.01.31"]
[SourceQuality "1"]

1. d4 Nf6 2. c4 c5 3. d5 b5 4. cxb5 a6 5. bxa6 g6 6. Nc3 Bxa6 7. g3 d6 8. Bg2 Nbd7 9. Nf3 Bg7 10. O-O Nb6 11. Re1 Nfd7 12. Rb1 Nc4 13. Qc2 Qa5 14. e4 O-O 15. Bf1 Rfb8 16. Bxc4 Bxc4 17. Bd2 Qa6 18. Ra1 Bd3 19. Qc1 c4 20. Bg5 Rb7 21. Nd2 Rab8 22. b3 Qa5 0-1

[Event "Titled Tuesday intern op 21st Dec"]
[Site "Chess.com INT"]
[Date "2021.12.21"]
[Round "1"]
[White "Weber, Samuel"]
[Black "Golichenko, Ilja"]
[Result "0-1"]
[WhiteElo "2250"]
[BlackElo "2413"]
[PlyCount "90"]
[EventDate "2021.12.21"]
[EventType "swiss (blitz)"]
[EventRounds "11"]
[EventCountry "USA"]
[SourceTitle "CBM 205 Extra"]
[Source "ChessBase"]
[SourceDate "2022.01.31"]
[SourceVersion "1"]
[SourceVersionDate "2022.01.31"]
[SourceQuality "1"]

1. e4 Nf6 2. d3 d6 3. Nd2 g6 4. Ngf3 Bg7 5. g3 O-O 6. Bg2 c5 7. O-O b5 8. a4 b4 9. Nc4 Bb7 10. Bf4 e5 11. Bg5 h6 12. Be3 a5 13. h3 Ba6 14. b3 Bxc4 15. dxc4 Nc6 16. Nd2 Nd4 17. Re1 Ne8 18. Nf1 Nc7 19. Bd2 h5 20. Ne3 Bh6 21. Nd5 Bxd2 22. Qxd2 Nxd5 23. exd5 Kg7 24. f4 Re8 25. fxe5 dxe5 26. Rf1 f5 27. Rae1 e4 28. g4 hxg4 29. hxg4 Qh4 30. gxf5 gxf5 31. Rf4 Qg5 32. Qf2 Nf3+ 33. Rxf3 exf3 34. Rxe8 Rxe8 35. Qxf3 Qe3+ 36. Qxe3 Rxe3 37. Kf2 Rc3 38. d6 Kf6 39. d7 Ke7 40. Bc6 Rxc2+ 41. Ke3 Rc3+ 42. Kf4 Rxb3 43. Kxf5 Rd3 44. Ke4 Rd4+ 45. Ke5 b3 0-1

[Event "Titled Tuesday intern op 21st Dec"]
[Site "Chess.com INT"]
[Date "2021.12.21"]
[Round "1"]
[White "Yavuz, Efe Metehan"]
[Black "Zubarev, Alexander2"]
[Result "0-1"]
[WhiteElo "2025"]
[BlackElo "2372"]
[PlyCount "42"]
[EventDate "2021.12.21"]
[EventType "swiss (blitz)"]
[EventRounds "11"]
[EventCountry "USA"]
[SourceTitle "CBM 205 Extra"]
[Source "ChessBase"]
[SourceDate "2022.01.31"]
[SourceVersion "1"]
[SourceVersionDate "2022.01.31"]
[SourceQuality "1"]

1. c4 e5 2. Nf3 Nc6 3. d3 g6 4. Nc3 Bg7 5. g3 d6 6. Bg2 f5 7. O-O Nf6 8. e4 O-O 9. Bg5 h6 10. Bxf6 Qxf6 11. Nd5 Qf7 12. Qc2 fxe4 13. dxe4 Bg4 14. Nd2 Nd4 15. Qd3 Be2 16. Qe3 c6 17. Rfe1 Bh5 18. Nc3 Nc2 19. Qd3 Qxf2+ 20. Kh1 Nxe1 21. Qf1 Nc2 0-1

[Event "Titled Tuesday intern op 21st Dec"]
[Site "Chess.com INT"]
[Date "2021.12.21"]
[Round "1"]
[White "Yi, Danny"]
[Black "Hnydiuk, Aleksander"]
[Result "0-1"]
[WhiteElo "2273"]
[BlackElo "2394"]
[PlyCount "52"]
[EventDate "2021.12.21"]
[EventType "swiss (blitz)"]
[EventRounds "11"]
[EventCountry "USA"]
[SourceTitle "CBM 205 Extra"]
[Source "ChessBase"]
[SourceDate "2022.01.31"]
[SourceVersion "1"]
[SourceVersionDate "2022.01.31"]
[SourceQuality "1"]

1. e4 c5 2. Nf3 d6 3. d4 cxd4 4. Nxd4 Nf6 5. Nc3 a6 6. Be3 e6 7. Qf3 Nbd7 8. Be2 Qc7 9. g4 b5 10. g5 Ne5 11. Qg2 Nfd7 12. f4 Nc4 13. Bxc4 Qxc4 14. O-O-O Bb7 15. Nb3 b4 16. Na5 Qc7 17. Nxb7 bxc3 18. Nxd6+ Bxd6 19. e5 O-O 20. Rxd6 cxb2+ 21. Kb1 Rfc8 22. Rhd1 Nf8 23. h4 Rab8 24. h5 Rb4 25. R6d2 Ra4 26. Bd4 Qc4 0-1

[Event "Titled Tuesday intern op 21st Dec"]
[Site "Chess.com INT"]
[Date "2021.12.21"]
[Round "1"]
[White "Zavivaeva, Emilia"]
[Black "Jary, Sergey"]
[Result "0-1"]
[WhiteElo "1650"]
[BlackElo "2275"]
[PlyCount "80"]
[EventDate "2021.12.21"]
[EventType "swiss (blitz)"]
[EventRounds "11"]
[EventCountry "USA"]
[SourceTitle "CBM 205 Extra"]
[Source "ChessBase"]
[SourceDate "2022.01.31"]
[SourceVersion "1"]
[SourceVersionDate "2022.01.31"]
[SourceQuality "1"]

1. e4 c5 2. Nf3 Nc6 3. d4 cxd4 4. Nxd4 g6 5. c4 Nf6 6. Nc3 d6 7. Be3 Ng4 8. Nxc6 bxc6 9. Bd4 e5 10. Be3 Nxe3 11. fxe3 Rb8 12. b3 d5 13. exd5 Bb4 14. Rc1 Qa5 15. Qd2 cxd5 16. cxd5 Bd7 17. Bc4 O-O 18. O-O f5 19. Qd3 Kg7 20. e4 f4 21. Qc2 Rbc8 22. Qb2 Bc5+ 23. Kh1 Bd4 24. Qc2 a6 25. Ne2 Be3 26. Rcd1 g5 27. Qb2 Rce8 28. d6 Bc6 29. Nc3 Bd4 30. Rd3 Bxe4 31. Rxd4 exd4 32. Ne2 Qe5 33. Nxd4 Kg6 34. d7 Rd8 35. Be6 Rf6 36. Bh3 h5 37. Qd2 g4 38. Re1 Rxd7 39. Nf3 Bxf3 40. Qxd7 Qxe1# 0-1

[Event "Titled Tuesday intern op 21st Dec"]
[Site "Chess.com INT"]
[Date "2021.12.21"]
[Round "1"]
[White "Zubkov, Vsevolod"]
[Black "Turski, Bartlomiej"]
[Result "0-1"]
[WhiteElo "2261"]
[BlackElo "2114"]
[PlyCount "48"]
[EventDate "2021.12.21"]
[EventType "swiss (blitz)"]
[EventRounds "11"]
[EventCountry "USA"]
[SourceTitle "CBM 205 Extra"]
[Source "ChessBase"]
[SourceDate "2022.01.31"]
[SourceVersion "1"]
[SourceVersionDate "2022.01.31"]
[SourceQuality "1"]

1. d4 Nf6 2. Nf3 g6 3. Bg5 Bg7 4. Nbd2 d5 5. e3 O-O 6. Be2 c5 7. c3 b6 8. O-O Bb7 9. Ne5 Nc6 10. f4 Qc7 11. Qe1 c4 12. Qh4 b5 13. Bh6 b4 14. g4 Qa5 15. Rf3 bxc3 16. bxc3 Qxc3 17. Rd1 Bxh6 18. Qxh6 Nxe5 19. fxe5 Nxg4 20. Qh4 Bc8 21. h3 Nxe3 22. Qg3 Qxd4 23. Rxe3 Qb6 24. Nf3 Qxe3+ 0-1

[Event "Titled Tuesday intern op 21st Dec"]
[Site "Chess.com INT"]
[Date "2021.12.21"]
[Round "2"]
[White "Al Hosani, Omran"]
[Black "Horvath, Dominik"]
[Result "1-0"]
[WhiteElo "2202"]
[BlackElo "2478"]
[PlyCount "57"]
[EventDate "2021.12.21"]
[EventType "swiss (blitz)"]
[EventRounds "11"]
[EventCountry "USA"]
[SourceTitle "CBM 205 Extra"]
[Source "ChessBase"]
[SourceDate "2022.01.31"]
[SourceVersion "1"]
[SourceVersionDate "2022.01.31"]
[SourceQuality "1"]

1. d4 f5 2. Qd3 d5 3. Nc3 Nf6 4. Bg5 Ne4 5. Bf4 c5 6. dxc5 e6 7. Nxe4 fxe4 8. Qb5+ Nc6 9. e3 a6 10. Qb6 Qxb6 11. cxb6 e5 12. Bg3 Bc5 13. O-O-O Be6 14. Ne2 Bxb6 15. Nc3 O-O-O 16. Be2 Rhf8 17. Kb1 Ba5 18. Na4 Bb4 19. a3 Be7 20. Nc3 Rd7 21. Rd2 Bf6 22. Rhd1 Rfd8 23. f3 exf3 24. gxf3 Bg5 25. f4 exf4 26. exf4 Bf6 27. Na4 Re7 28. Bf3 d4 29. f5 1-0

[Event "Titled Tuesday intern op 21st Dec"]
[Site "Chess.com INT"]
[Date "2021.12.21"]
[Round "2"]
[White "Al Tarbosh, Ward"]
[Black "Narayanan, Sunilduth Lyna"]
[Result "0-1"]
[WhiteElo "2222"]
[BlackElo "2658"]
[PlyCount "64"]
[EventDate "2021.12.21"]
[EventType "swiss (blitz)"]
[EventRounds "11"]
[EventCountry "USA"]
[SourceTitle "CBM 205 Extra"]
[Source "ChessBase"]
[SourceDate "2022.01.31"]
[SourceVersion "1"]
[SourceVersionDate "2022.01.31"]
[SourceQuality "1"]

1. e4 e5 2. Nf3 Nc6 3. Bb5 a6 4. Ba4 f5 5. Nc3 fxe4 6. Nxe4 b5 7. Bb3 d5 8. Nfg5 Nd4 9. c3 Nxb3 10. Qxb3 Be7 11. h4 Nf6 12. Nxf6+ Bxf6 13. d3 O-O 14. Bd2 Bf5 15. Ne4 Be7 16. O-O-O Kh8 17. Ng3 Bxd3 18. Bg5 Bxg5+ 19. hxg5 Qxg5+ 20. Rd2 Rxf2 21. Rhd1 Rxd2 22. Rxd2 Qxg3 23. Qxd5 Qe1+ 24. Rd1 Qe3+ 25. Rd2 Rf8 26. Qxd3 Qxd3 27. Rxd3 h5 28. Rg3 Kh7 29. Rg5 Kh6 30. Rxe5 Rf1+ 31. Kd2 Rf2+ 32. Kc1 Rxg2 0-1

[Event "Titled Tuesday intern op 21st Dec"]
[Site "Chess.com INT"]
[Date "2021.12.21"]
[Round "2"]
[White "Aldokhin, Ivan"]
[Black "Ibrahimli, Murad Sultanali"]
[Result "1-0"]
[WhiteElo "2413"]
[BlackElo "2418"]
[PlyCount "87"]
[EventDate "2021.12.21"]
[EventType "swiss (blitz)"]
[EventRounds "11"]
[EventCountry "USA"]
[SourceTitle "CBM 205 Extra"]
[Source "ChessBase"]
[SourceDate "2022.01.31"]
[SourceVersion "1"]
[SourceVersionDate "2022.01.31"]
[SourceQuality "1"]

1. e4 e5 2. Nf3 Nc6 3. Bb5 a6 4. Ba4 Nf6 5. O-O Be7 6. Re1 b5 7. Bb3 d6 8. c3 O-O 9. d4 Bg4 10. d5 Na5 11. Bc2 Qc8 12. h3 Bd7 13. Nbd2 c6 14. dxc6 Bxc6 15. Nf1 Nc4 16. Ng3 g6 17. a4 Re8 18. Qe2 d5 19. b3 dxe4 20. Nxe4 Nxe4 21. Bxe4 Bxe4 22. Qxe4 Nd6 23. Qxe5 Bf8 24. Qd4 Rxe1+ 25. Nxe1 Nf5 26. Qd3 Qe6 27. Nf3 Rc8 28. axb5 axb5 29. Qxb5 Rxc3 30. b4 Rxf3 31. gxf3 Nd4 32. Qd3 Qe1+ 33. Kg2 Ne2 34. Bd2 Qxa1 35. Qxe2 Qb2 36. Qe1 Qb3 37. Bc3 Qd5 38. Qe4 Qg5+ 39. Kh1 Qc1+ 40. Qe1 Qc2 41. Qe5 f6 42. Qe6+ Kg7 43. Qxf6+ Kg8 44. Qe6# 1-0

[Event "Titled Tuesday intern op 21st Dec"]
[Site "Chess.com INT"]
[Date "2021.12.21"]
[Round "2"]
[White "Alfaro Caracas, William"]
[Black "Faizrakhmanov, Ramil"]
[Result "0-1"]
[WhiteElo "2152"]
[BlackElo "2480"]
[PlyCount "76"]
[EventDate "2021.12.21"]
[EventType "swiss (blitz)"]
[EventRounds "11"]
[EventCountry "USA"]
[SourceTitle "CBM 205 Extra"]
[Source "ChessBase"]
[SourceDate "2022.01.31"]
[SourceVersion "1"]
[SourceVersionDate "2022.01.31"]
[SourceQuality "1"]

1. d4 Nf6 2. Nf3 g6 3. c4 Bg7 4. g3 O-O 5. Bg2 d6 6. O-O Nc6 7. Nc3 a6 8. b3 Rb8 9. Nd5 b5 10. Nxf6+ Bxf6 11. Bh6 Re8 12. d5 Ne5 13. Nxe5 Bxe5 14. Rc1 bxc4 15. Rxc4 a5 16. Qd2 Ra8 17. Rfc1 a4 18. bxa4 Bd7 19. a5 Qb8 20. Rxc7 Bb5 21. e3 Ra7 22. Rxa7 Qxa7 23. Qb4 Rb8 24. Qxb5 Bg7 25. Qb6 Qa8 26. Qc7 Bxh6 27. Qxe7 Bf8 28. Qc7 Rb5 29. a6 Rb2 30. a7 Rxa2 31. h4 Rxa7 32. Qc6 Qb8 33. h5 Ra2 34. hxg6 hxg6 35. Be4 Rd2 36. Qc3 Rb2 37. Qc7 Qb4 38. Kg2 Qxe4+ 0-1

[Event "Titled Tuesday intern op 21st Dec"]
[Site "Chess.com INT"]
[Date "2021.12.21"]
[Round "2"]
[White "Anuj, Shrivatri"]
[Black "Forgas Moreno, Yaniela"]
[Result "1-0"]
[WhiteElo "2350"]
[BlackElo "2310"]
[PlyCount "51"]
[EventDate "2021.12.21"]
[EventType "swiss (blitz)"]
[EventRounds "11"]
[EventCountry "USA"]
[SourceTitle "CBM 205 Extra"]
[Source "ChessBase"]
[SourceDate "2022.01.31"]
[SourceVersion "1"]
[SourceVersionDate "2022.01.31"]
[SourceQuality "1"]

1. e4 c5 2. Nc3 Nc6 3. Bb5 Nd4 4. Nf3 Nxb5 5. Nxb5 d6 6. d4 a6 7. Nc3 cxd4 8. Qxd4 Nf6 9. Bg5 e6 10. O-O-O Be7 11. e5 dxe5 12. Qxe5 Qb6 13. Ne4 Nxe4 14. Bxe7 Kxe7 15. Qxe4 f6 16. Rhe1 Rd8 17. Qxh7 Kf7 18. Rxd8 Qxd8 19. Re3 Qa5 20. Ne5+ fxe5 21. Rf3+ Ke7 22. Qxg7+ Kd6 23. Rd3+ Kc6 24. Rc3+ Kb6 25. Qc7+ Ka7 26. Qxa5 1-0

[Event "Titled Tuesday intern op 21st Dec"]
[Site "Chess.com INT"]
[Date "2021.12.21"]
[Round "2"]
[White "Arias, Juan Cruz"]
[Black "Goltsev, Dmitry"]
[Result "1-0"]
[WhiteElo "2269"]
[BlackElo "2215"]
[PlyCount "83"]
[EventDate "2021.12.21"]
[EventType "swiss (blitz)"]
[EventRounds "11"]
[EventCountry "USA"]
[SourceTitle "CBM 205 Extra"]
[Source "ChessBase"]
[SourceDate "2022.01.31"]
[SourceVersion "1"]
[SourceVersionDate "2022.01.31"]
[SourceQuality "1"]

1. d4 Nf6 2. Nf3 e6 3. e3 d5 4. Bd3 c5 5. c3 Nc6 6. O-O Bd6 7. Nbd2 O-O 8. Qe2 e5 9. dxc5 Bxc5 10. e4 d4 11. Nb3 Bb6 12. cxd4 exd4 13. e5 Nd5 14. Bg5 Qe8 15. Qe4 f5 16. Qxd5+ Be6 17. Qb5 h6 18. Bd2 g5 19. Bxg5 hxg5 20. Nxg5 Kg7 21. Rfe1 Rh8 22. Nc5 Bxc5 23. Qxc5 Rd8 24. h3 Rd5 25. Qa3 Nxe5 26. Nxe6+ Qxe6 27. f4 Nf3+ 28. gxf3 Qg6+ 29. Kf2 Kh6 30. Qe7 Rd6 31. Qh4+ Kg7 32. Qg5 Rxh3 33. Re7+ Kf8 34. Qxf5+ Qxf5 35. Bxf5 Rh2+ 36. Kg3 Rxb2 37. Rae1 d3 38. Rc7 d2 39. Rh1 Kg8 40. Rc8+ Kg7 41. Rh7+ Kf6 42. Rf8# 1-0

[Event "Titled Tuesday intern op 21st Dec"]
[Site "Chess.com INT"]
[Date "2021.12.21"]
[Round "2"]
[White "Artemenko, Oleg"]
[Black "Mamedyarov, Shakhriyar"]
[Result "0-1"]
[WhiteElo "2246"]
[BlackElo "2767"]
[PlyCount "54"]
[EventDate "2021.12.21"]
[EventType "swiss (blitz)"]
[EventRounds "11"]
[EventCountry "USA"]
[SourceTitle "CBM 205 Extra"]
[Source "ChessBase"]
[SourceDate "2022.01.31"]
[SourceVersion "1"]
[SourceVersionDate "2022.01.31"]
[SourceQuality "1"]

1. d4 d5 2. Nc3 Nf6 3. Bf4 a6 4. e3 c5 5. dxc5 Nc6 6. Nf3 Bg4 7. Be2 e6 8. h3 Bxf3 9. Bxf3 Bxc5 10. g4 O-O 11. Ne2 Qb6 12. b3 Rad8 13. c3 e5 14. Bg5 d4 15. exd4 exd4 16. c4 d3 17. Nc3 Bb4 18. Qd2 Nd4 19. Bd1 Ne4 20. Nxe4 Bxd2+ 21. Nxd2 Nc2+ 22. Bxc2 dxc2 23. Ke2 Qg6 24. Be3 Rfe8 25. Rac1 Qd3+ 26. Kf3 Rxe3+ 27. fxe3 Qxd2 0-1